Кинетика самозалечивания в высокотемпературных керамиках ZrB2-SiC; Порошковая металлургия: инженерия поверхности, новые порошковые композиционные материалы, сварка; Ч. 1

書目詳細資料
Parent link:Порошковая металлургия: инженерия поверхности, новые порошковые композиционные материалы, сварка: сборник докладов 11-го Международного симпозиума, Минск, 10-12 апреля 2019 г..— , 2019
Ч. 1.— 2019.— [С. 431-435]
企業作者: Национальный исследовательский Томский политехнический университет Инженерная школа новых производственных технологий Отделение материаловедения
其他作者: Бурлаченко А. Г. Александр Геннадьевич, Буякова С. П. Светлана Петровна, Мировой Ю. А. Юрий Александрович, Дедова Е. С. Елена Сергеевна
總結:Заглавие с экрана
語言:俄语
出版: 2019
主題:
在線閱讀:https://www.elibrary.ru/item.asp?id=42443681
格式: 電子 Book Chapter
KOHA link:https://koha.lib.tpu.ru/cgi-bin/koha/opac-detail.pl?biblionumber=664402

MARC

LEADER 00000naa0a2200000 4500
001 664402
005 20250814115702.0
035 |a (RuTPU)RU\TPU\network\35586 
090 |a 664402 
100 |a 20210413d2019 k y0rusy50 ca 
101 0 |a rus 
102 |a RU 
135 |a drcn ---uucaa 
181 0 |a i  
182 0 |a b 
200 1 |a Кинетика самозалечивания в высокотемпературных керамиках ZrB2-SiC  |d Self-healing kinetics in high-temperature ceramics ZrB2-SiC  |f А. Г. Бурлаченко, С. П. Буякова, Ю. А. Мировой, Е. С. Дедова 
203 |a Текст  |c электронный 
300 |a Заглавие с экрана 
320 |a [Библиогр.: с. 435 (9 назв.)] 
461 |t Порошковая металлургия: инженерия поверхности, новые порошковые композиционные материалы, сварка  |o сборник докладов 11-го Международного симпозиума, Минск, 10-12 апреля 2019 г.  |o в 2 ч.  |d 2019 
463 |t Ч. 1  |v [С. 431-435]  |d 2019 
510 1 |a Self-healing kinetics in high-temperature ceramics ZrB2-SiC  |z eng 
610 1 |a электронный ресурс 
610 1 |a труды учёных ТПУ 
610 1 |a высокотемпературная керамика 
701 1 |a Бурлаченко  |b А. Г.  |g Александр Геннадьевич 
701 1 |a Буякова  |b С. П.  |g Светлана Петровна  |c специалист в области материаловедения  |c профессор Томского политехнического университета, доктор технических наук  |f 1968-  |3 (RuTPU)RU\TPU\pers\28995  |9 13716 
701 1 |a Мировой  |b Ю. А.  |c специалист в области материаловедения  |c ассистент кафедры Томского политехнического университета  |f 1992-  |g Юрий Александрович  |3 (RuTPU)RU\TPU\pers\39958 
701 1 |a Дедова  |b Е. С.  |c специалист в области материаловедения  |c ассистент кафедры Томского политехнического университета  |f 1987-  |g Елена Сергеевна  |3 (RuTPU)RU\TPU\pers\32944 
712 0 2 |a Национальный исследовательский Томский политехнический университет  |b Инженерная школа новых производственных технологий  |b Отделение материаловедения  |3 (RuTPU)RU\TPU\col\23508 
801 2 |a RU  |b 63413507  |c 20210413  |g RCR 
856 4 |u https://www.elibrary.ru/item.asp?id=42443681 
942 |c CF